MARC

LEADER 00000nam0a2200000 4500
001 174460
005 20231031164737.0
035 |a (RuTPU)RU\TPU\book\189187 
090 |a 174460 
100 |a 20100128d1927 m y0rusy50 ca 
101 1 |a rus  |c ger 
102 |a RU 
105 |a a z 000zy 
200 1 |a Химико-технические расчеты  |e пер. с нем.  |f Ф. Фишер 
205 |a 3-е изд. 
210 |a Москва  |c МАКИЗ  |d 1927 
215 |a 128 с.  |c ил. 
610 1 |a химическая промышленность 
610 1 |a расчеты 
610 1 |a задачи 
610 1 |a термохимия 
610 1 |a электрохимия 
610 1 |a металлургия 
610 1 |a объемный анализ 
610 1 |a неорганические вещества 
610 1 |a органические вещества 
610 1 |a меры длины 
610 1 |a сборники 
675 |a 66.02.001.24  |v 3 
700 1 |a Фишер  |b Ф. 
801 1 |a RU  |b 63413507  |c 20100128 
801 2 |a RU  |b 63413507  |c 20130624  |g RCR 
942 |c BK